| 000 | 00741aas a2200205 4500 | ||
|---|---|---|---|
| 999 |
_c49880 _d49880 |
||
| 001 | 768714001 | ||
| 003 | CO-MdFUSB | ||
| 005 | 20171019144318.0 | ||
| 008 | 171019s1998 xxu||||| |||| 00| 0 eng d | ||
| 022 | _a0277-9935 | ||
| 040 |
_aCO-MdFUSB _bspa _cCO-MdFUSB _dCO-MdFUSB |
||
| 041 | _aeng | ||
| 100 | 1 |
_aCannister, Mark W. _eautor |
|
| 242 | _aUn estudio longitudinal de los efectos de la tutoría de profesores. | ||
| 245 | 0 |
_aA longitudinal study of the effects of faculty mentoring _c/ Mark W. Cannister |
|
| 300 |
_aVolumen 2. Número 2 (1998), páginas 91-110 _c: 23 cm. |
||
| 546 | _aTexto en inglés | ||
| 773 | 0 |
_tChristian education journal _049475 _960882 _gVolumen 2. Número 2 (1998), páginas 91-110 _qPágina 91 |
|
| 942 | _cANA | ||